000 00515nam a22001817a 4500
005 20251108165814.0
008 250721s9999 xx 000 0 ara d
082 1 4 _aط/627/سدو
245 1 0 _aالسدود و البحيرات /
264 1 _aبيروت :
_bدار المعارف،
_c[19-].
300 _a27ص :مص
490 0 _aالمعارف للأولاد
650 1 7 _aالسدود
650 1 7 _aالبحيرات
653 _aناشئون صغار (10-14) سنة
942 _2ddc
_cBK
999 _c31765
_d31765